Pays avec le plus grand nombre de Prix Nobel de littérature - Statistiques

Statistiques générales
  • Ce quiz a été pris 222 fois
  • Le résultat moyen est 10 sur 12
Statistiques - réponses
Nombre de Prix Nobel Pays % Correct
15 France
100%
6 Espagne
97%
8 Allemagne
96%
6 Italie
96%
12 Etats-Unis
95%
3 Russie
95%
8 Suède
89%
10 Royaume-Uni
87%
3 Norvège
80%
3 Pologne
75%
4 Irlande
67%
3 Danemark
64%
Aucun quiz correspondant
Distribution des résultats
% des personnes avec chaque résultat
Percentile par nombre de réponses
Votre historique - résultats
Vous n’avez pas pris ce quiz